| Registos Bibliográficos associados ao registo de autoridade |
|
Etiqueta de registo: 00269nam 2200145 450 001 1668312 003 http://id.bnportugal.gov.pt/bib/catbnp/1668312 100 ## $a20071002d1893 m y0pory0103 ba 101 0# $apor 102 ## $aPT 200 1# $aTannhäuser$bLibreto]$fde Ricardo Wagner 210 #9 $aLisboa,$cCompanhia Typographica,$d1893 215 ## $a8 p.$d16 cm 225 2# $aArgumentos de óperas italianas 316 ## $aVestígios de bibliófagos$5PTBN: C.N. 323 P. 317 ## $aProv.: Conservatório Nacional$5PTBN: C.N. 323 P. 500 10 $aTannhäuser$lÓperas 606 ## $2SIPOR$31273101 606 ## $2SIPOR$3162053 620 ## $dLisboa 675 ## $a78.089.1$vBN$zpor$3506605 675 ## $a82-293$vBN$zpor$3488282 700 #1 $aWagner,$bRichard,$f1813-1883$336996 712 02 $aCompanhia Tipográfica$c(Lisboa)$4650$31026011 712 01 $aPortugal.$bConservatório Nacional.$bEscola de Música$4390$31172174 801 #0 $aPT$bBN$gRPC 966 ## $lBN$mMUSICA$sC.N. 323 P. $x6 997 ## $aBIBEOD
Etiqueta de registo: 00269nam 2200145 450 001 1578698 003 http://id.bnportugal.gov.pt/bib/catbnp/1578698 100 ## $a20070314d1897 k y0pory0103 ba 101 0# $apor 102 ## $aPT 105 ## $ay z 000yy 106 ## $ar 200 1# $aAsrael$bLibreto]$eopera em 4 actos e 6 quadros$fmusica do maestro Barão Alberto Franchetti$gpoema de Ferdinando Fontana 210 #9 $aLisboa$cCompanhia Typografica,$d1897 215 ## $a16 p.$d17 cm 317 ## $aProv.: Colecção Lino Ferreira (carimbo)$5PTBN: T.S.C. 286 P. 317 ## $aProv.: Teatro de São Carlos$5PTBN: T.S.C. 285/6 P. 327 1# $aOs intérpretes associados à lista dos personagens 500 10 $aAsrael$lÓperas 601 02 $2SIPOR$31264404 606 ## $2SIPOR$3162053 606 ## $2SIPOR$31273101 675 ## $a78.089.1$vBN$zpor$3506605 700 #1 $aFontana,$bFerdinando,$f1850-1919$31248157 702 #1 $aFranchetti,$bAlberto,$f1860-1942$4230$31204752 702 #1 $aFerreira,$bLino,$f1884-1939$4390$335072 712 02 $aCompanhia Tipográfica$c(Lisboa)$4610$31026011 712 01 $aPortugal.$bTeatro Nacional de São Carlos$4390$315629 801 #0 $aPT$bBN$gRPC 966 ## $lBN$mMUSICA$sT.S.C. 285 P. $x6 966 ## $lBN$mMUSICA$sT.S.C. 286 P. $x6 997 ## $aBIBEOD
Etiqueta de registo: 00878cam 2200241 450 001 382930 003 http://id.bnportugal.gov.pt/bib/catbnp/382930 100 ## $a19930123d1893 m y0pory01030103ba 101 0# $apor 102 ## $aPT 105 ## $ay z 000yy 106 ## $ar 200 1# $aGluck e a sua obra Orpheu$enotícia crítico-biográphica$fAntónio Duarte da Cruz Pinto 210 #9 $aLisboa$cCompanhia Typographica,$d1893 215 ## $a28 p.$d16 cm 316 ## $aDedicatória ms. do autor a Alfredo Merêa, critico musical$5PTBN: C.N. 810 P. 317 ## $aPert.: ms. "De Ernesto Vieira 2116-1460"$5PTBN : M. 350//12 P. 317 ## $aConservatório Nacional$5PTBN: C.N. 810 P., C.N. 822 P. 518 1# $aGluck e a sua obra Orfeu : notícia crítico-biográfica 600 #1 $aGluck,$bChristoph Willibald,$f1884-1938$xBiografias$2SIPOR$3375747 675 ## $a78.07Gluck, Christoph Willibald$vBN$zpor$31318110 700 #1 $aPinto,$bAntónio Duarte da Cruz,$f1845-1901$382118 702 #1 $aVieira,$bErnesto,$f1848-1915$4390$354604 712 02 $aCompanhia Tipográfica$c(Lisboa)$4610$31026011 712 01 $aPortugal.$bConservatório Nacional.$bEscola de Música$4390$31172174 801 #0 $aPT$bBN$gRPC 966 ## $lBN$mMUSICA$pConservatório Nacional$sC.N. 810 P. $x7 966 ## $lBN$mMUSICA$pConservatório Nacional$sC.N. 822 P. $x7 966 ## $lBN$mMUSICA$sM. 350//12 P. $x2 976 ## $d20260506$rjamaral 997 ## $aBIBEOD
Etiqueta de registo: 01965cam 02200409 04500 001 343792 003 http://id.bnportugal.gov.pt/bib/catbnp/343792 100 ## $a19920612d1908 k y0pory01030103ba 101 0# $aita 102 ## $aPT 105 ## $ay z 000iy 106 ## $ar 200 1# $a La Borghesina$e ( dal "Lion amoureux" di F. Soulié)$ecomedia lirica in 4 quadri$fdi Enrico Golisciani$gmusica di Aug. Machado 210 #9 $aLisboa$cCompanhia Typographica,$d1908 215 ## $a80 p.$d20 cm 316 ## $aNo rosto, ms. a lápis: «4º quadro modificato». Na lista de personagens, ms. a lápis,
indicação dos cantores. No 4º acto, alterações a lápis e a tinta tudo de A. Machado;
é acompanhado de um caderno de 8 p. manuscritas com modificações ao 4º acto feitas
pelo compositor$5PTBN: A.M./C.5//13-14 316 ## $aAssinado pelo compositor$5PTBN: C.N. 490 P. 317 ## $aColeção Ivo Cruz$5PTBN: C.I.C. 13 P. 317 ## $aTeatro São Carlos$5PTBN: T.S.C. 35 P. 317 ## $aIPPC, Espólio de Augusto Machado$5PTBN: A.M./C.5//13 a 18 317 ## $aConservatório Nacional$5PTBN: C.N. 487 P.-C.N. 490 P. 606 ## $aÓperas$j[Libretos]$2SIPOR$31158641 675 ## $a782$vBN$zpor$3291551 675 ## $a78.089.1$vBN$zpor$3506605 675 ## $a821.131.1-293$vBN$zpor$31160133 700 #1 $aGolisciani,$bEnrico,$f1848-1918$364483 701 #1 $aMachado,$bAugusto,$f1845-1924$4230$361059 702 #1 $aSoulié,$bFrédéric,$f1800-1847$4100$398284 712 02 $aCompanhia Tipográfica$c(Lisboa)$4610$31026011 712 01 $aPortugal.$bInstituto Português do Património Cultural.$bDepartamento de Musicologia$4390$3285717 712 01 $aPortugal.$bConservatório Nacional.$bEscola de Música$4390$31172174 801 #0 $aPT$bBN$gRPC 856 40 $uhttps://purl.pt/47384 856 41 $uhttps://purl.pt/47384/service/media/cover/low 856 49 $uhttps://purl.pt/47384/service/media/pdf$qapplication/pdf 958 ## $aBND$bLivre$cDigitalizado$d1$ehttps://purl.pt/47384/service/media/cover/max 966 ## $lBN$mMUSICA$sA.M./C.5//13-14 $x7 966 ## $lBN$mMUSICA$sA.M./C.5//15 a 18 $x7 966 ## $lBN$mMUSICA$pCol. Ivo Cruz$sC.I.C. 13 P. $x2 966 ## $lBN$mMUSICA$pConservatório Nacional$sC.N. 487 P. $x7 966 ## $lBN$mMUSICA$pConservatório Nacional$sC.N. 488 P. $x7 966 ## $lBN$mMUSICA$pConservatório Nacional$sC.N. 489 P. $x7 966 ## $lBN$mMUSICA$pConservatório Nacional$sC.N. 490 P. $x7 966 ## $lBN$mMUSICA$sT.S.C. 35 P. $x3 976 ## $d20220418$rjamaral 995 ## $aPRR2022 $d20231115$idfontes$zBND
Etiqueta de registo: 00426nam 2200157 450 001 2285078 003 http://id.bnportugal.gov.pt/bib/catbnp/2285078 100 ## $a20260423d1897 m y0pory01030103ba 101 0# $apor 102 ## $aPT 105 ## $ay z 000yy 106 ## $ar 200 1# $aBohème$eopera em 4 quadros$fmusica do maestro Giacomo Puccini$gpoema de Giuseppe Giacosa e Luigi Illica$gextrahido do livro de Henri Murger 210 #9 $aLisboa$cCompanhia Typographica,$d1897 215 ## $a14 p.$d18 cm 300 ## $aNo verso da folha de rosto: "1.ª representação no Real Theatro de S. Carlos, fevereiro
de 1897" 300 ## $aPersonagens: Rodolfo, Marcello, Schaunard, Colline, Alcindoro, Benoit, Mimi, Musette,
Parpignoi, um sargento 317 ## $aConservatório Nacional$5PTBN: C.N. 778 P. 601 02 $aTeatro de São Carlos$j[Libretos]$2SIPOR$31264404 606 ## $aÓperas$x[Argumentos]$2SIPOR$31273101 675 ## $a78.089.1$vBN$zpor$3506605 675 ## $a82-293$vBN$zpor$3488282 700 #1 $aGiacosa,$bGiuseppe,$f1847-1906$332594 701 #1 $aIllica,$bLuigi,$f1857-1919$4480$387125 701 #1 $aPuccini,$bGiacomo,$f1858-1924$4230$387927 702 #1 $aMurger,$bHenry,$f1822-1861$4100$3100614 712 02 $aCompanhia Tipográfica$c(Lisboa)$4610$31026011 712 01 $aPortugal.$bConservatório Nacional.$bEscola de Música$4390$31172174 801 #0 $aPT$bBN$gRPC 966 ## $lBN$mMUSICA$pConservatório Nacional$sC.N. 778 P. $x7 971 ## $cjamaral$d20260423 997 ## $aBIBEOD
Etiqueta de registo: 00501cam 2200181 450 001 830293 003 http://id.bnportugal.gov.pt/bib/catbnp/830293 100 ## $a19930830d1893 m y0pory01030103ba 101 0# $apor 102 ## $aPT 105 ## $ay z 000yy 106 ## $ar 200 1# $a O navio phantasma$e (o hollandez voador)$fde Ricardo Wagner 210 #9 $aLisboa$cCompanhia Typographica,$d1893 215 ## $a24 p.$d17 cm 300 ## $aPersonagens: Dalando, Senta, Erik, Mary, Piloto, Hollandez 317 ## $aConservatório Nacional$5PTBN: C.N. 811 P.-C.N. 812 P. 500 10 $a Der fliegende Holländer.$nLibreto 518 1# $a O navio fantasma 518 1# $a O holandês voador 606 ## $aÓperas$x[Argumentos]$2SIPOR$31273101 675 ## $a78.089.1$vBN$zpor$3506605 675 ## $a82-293$vBN$zpor$3488282 700 #1 $aWagner,$bRichard,$f1813-1883$336996 712 02 $aCompanhia Tipográfica$c(Lisboa)$4610$31026011 712 01 $aPortugal.$bConservatório Nacional.$bEscola de Música$4390$31172174 801 #0 $aPT$bBN$gRPC 966 ## $lBN$mMUSICA$pConservatório Nacional$sC.N. 811 P. $x7 966 ## $lBN$mMUSICA$pConservatório Nacional$sC.N. 812 P. $x7 966 ## $lBN$mMUSICA$sM. 179 P. $x2 976 ## $d20260430$rjamaral 997 ## $aBIBEOD
|
|
|